Seas of Europe - Sudden Death - Statistics

General Stats
  • This quiz has been taken 763 times
  • The average score is 8 of 19
Answers on the Grid
Answers color-coded by a green-red scale on the quiz's grid according to % correct below.
White Sea
Red Sea
Black Sea
Yellow Sea
Balearic Sea
Laccadive Sea
Pechora Sea
Sea of Azov
Flores Sea
Sea of Okhotsk
Arafura Sea
Savu Sea
Andaman Sea
Thracian Sea
Ionian Sea
Halmahera Sea
Molukka Sea
Celtic Sea
Ceram Sea
Tyrrhenian Sea
Timor Sea
Cantabrian Sea
Alboran Sea
Myrtoan Sea
North Sea
Laptev Sea
Ligurian Sea
Aegean Sea
Beaufort Sea
Sea of Marmara
Greenland Sea
Salish Sea
Celebes Sea
Arabian Sea
Solomon Sea
Adriatic Sea
Barents Sea
Bering Sea
Coral Sea
Labrador Sea
 
Answer Stats
Answer % Correct
North Sea
73%
Black Sea
72%
Aegean Sea
63%
Balearic Sea
63%
Adriatic Sea
60%
Celtic Sea
60%
Ionian Sea
59%
Tyrrhenian Sea
46%
Sea of Azov
40%
White Sea
37%
Ligurian Sea
36%
Sea of Marmara
35%
Thracian Sea
35%
Cantabrian Sea
28%
Greenland Sea
24%
Barents Sea
23%
Alboran Sea
20%
Myrtoan Sea
16%
Pechora Sea
11%
No matching quizzes found
Score Distribution
Percent of People with Each Score
Percentile by Number Answered
Your Score History
You have not taken this quiz